Statistics for Mexico State Capitals Quiz

Click here to take the quiz!

General Stats

  • This quiz has been taken 2,281 times
    (103 since last reset)
  • The average score is 20 of 31

Answer Stats

StatesCapital% Correct
AguascalientesAguascalientes
89%
Nuevo LeónMonterrey
87%
YucatánMérida
84%
ChihuahuaChihuahua
82%
JaliscoGuadalajara
82%
OaxacaOaxaca de Juárez
82%
PueblaPuebla de Zaragoza
82%
QuerétaroSantiago de Querétaro
82%
DurangoVictoria de Durango
82%
ColimaColima
80%
GuanajuatoGuanajuato
80%
ZacatecasZacatecas
78%
Baja CaliforniaMexicali
76%
San Luis PotosíSan Luis Potosí
76%
TlaxcalaTlaxcala
76%
CampecheSan Francisco de Campeche
73%
Baja California SurLa Paz
67%
MichoacánMorelia
62%
SonoraHermosillo
58%
SinaloaCuliacán
56%
MéxicoToluca de Lerdo
56%
NayaritTepic
53%
TamaulipasCiudad Victoria
51%
VeracruzXalapa
51%
ChiapasTuxtla Gutiérrez
49%
Quintana RooChetumal
42%
TabascoVillahermosa
42%
GuerreroChilpancingo de los Bravo
40%
CoahuilaSaltillo
40%
MorelosCuernavaca
38%
HidalgoPachuca
36%

Score Distribution

Percentile by Number Answered

Percent of People with Each Score

Your Score History

You have not taken this quiz since the last reset